Loading...
The law and practice of banking /
| Main Author: | |
|---|---|
| Format: | Printed Book |
| Language: | English |
| Published: |
London :
Pitman,
1991
|
| LEADER | 00532nam a22001577a 4500 | ||
|---|---|---|---|
| 003 | OSt | ||
| 005 | 20200624134508.0 | ||
| 008 | 150811b xxu||||| |||| 00| 0 eng d | ||
| 082 | |a 332.1 HOL/L.1 | ||
| 100 | |a Holden, J. Milnes | ||
| 245 | |a The law and practice of banking / |c J. Milnes Holden | ||
| 260 | |a London : |b Pitman, |c 1991 | ||
| 300 | |a 566p. | ||
| 942 | |2 ddc |c BK | ||
| 999 | |c 321815 |d 321815 | ||
| 952 | |0 0 |1 0 |2 ddc |4 0 |6 332_100000000000000_HOL_L_1 |7 0 |9 368252 |a CSC |b CSC |c ST1 |d 2015-08-11 |i 6424 |l 0 |o 332.1 HOL/L.1 |p CSC6424 |r 2015-08-11 |w 2015-08-11 |y BK | ||